000 00954cam a2200265 a 4500
001 4800840
005 20150715141922.0
008 880914s1989 ne b 001 0 eng
010 _a 88008432
020 _a0792300092
040 _aDLC
_cDLC
_dDLC
043 _ae------
050 0 0 _aQ174
_b.B67 vol. 113
_aBF108.E86A7 1989
082 0 0 _a150/.9/034
_219
100 1 _aArens, Katherine,
_d1953-
_918130
245 1 0 _aStructures of knowing :
_bpsychologies of the nineteenth century /
_cKatherine Arens.
260 _aDordrecht ;
_aBoston :
_bKluwer Academic Publishers,
_cc1989.
300 _aix, 430 p. ;
_c23 cm.
440 0 _aBoston studies in the philosophy of science ;
_vv. 113
_918131
504 _aIncludes bibliographical references.
650 0 _aPsychology
_zEurope, German-speaking
_xHistory
_y19th century.
_918132
906 _a7
_bcbc
_corignew
_d1
_eocip
_f19
_gy-gencatlg
942 _2lcc
_cMONOGRAPH
999 _c122923
_d122923